[Event "Mercredi 2014.10.15 ABCDE"]
[Site "Montreal CAN"]
[Date "2014.10.31"]
[Round "4"]
[White "Lopez Linares, Lizandro"]
[Black "Cloutier, Mathieu"]
[Result "1-0"]
[WhiteElo "2104"]
[BlackElo "2039"]
[PlyCount "65"]
[EventDate "2014.10.15"]
[EventType "tourn"]
[EventRounds "5"]
[EventCountry "CAN"]

1. d4 Nf6 2. Nf3 e6 3. Bf4 c5 4. e3 Qb6 5. Nc3 Nc6 6. Nb5 Nd5 7. Bg3 a6 8. e4
Qa5+ 9. c3 axb5 10. exd5 exd5 11. dxc5 Bxc5 12. Qxd5 b4 13. Bc4 O-O 14. O-O
bxc3 15. bxc3 Ne7 16. Qd2 d5 17. Bb3 Be6 18. Rad1 Rad8 19. Rfe1 Nf5 20. Be5 f6
21. Bc7 Qxc7 22. Rxe6 Kh8 23. Qd3 Ne7 24. Rde1 Ng6 25. Bc2 f5 26. g3 f4 27.
Rxg6 fxg3 28. Rxg3 g6 29. Kg2 Qf4 30. Re6 Rfe8 31. Rexg6 hxg6 32. Qxg6 Re7 33.
Rh3+ 1-0

[Event "Mercredi 2014.10.15 ABCDE"]
[Site "Montreal CAN"]
[Date "2014.11.05"]
[Round "4"]
[White "Millette, Sylvain"]
[Black "Blanchet, Robert"]
[Result "0-1"]
[WhiteElo "1755"]
[BlackElo "1755"]
[PlyCount "46"]
[EventDate "2014.10.15"]
[EventType "tourn"]
[EventRounds "5"]
[EventCountry "CAN"]

1. Nf3 h5 2. h4 b6 3. g3 Bb7 4. d4 Nf6 5. Bg2 e6 6. Bg5 Na6 7. Nbd2 c5 8. e3
Rc8 9. O-O Qc7 10. Bf4 d6 11. dxc5 Nxc5 12. Ne1 Bxg2 13. Kxg2 e5 14. Bg5 Nfe4
15. Nxe4 Nxe4 16. f3 Nxg3 17. Kxg3 f6 18. Bxf6 gxf6 19. Qd5 Qd7 20. c3 Rc5 21.
Qb3 Rb5 22. Qc4 Rxb2 23. Qd5 Rh7 0-1

[Event "Mercredi 2014.10.15 ABCDE"]
[Site "Montreal CAN"]
[Date "2014.11.05"]
[Round "4"]
[White "Morin, Louis"]
[Black "Pomerantz, Daniel"]
[Result "1/2-1/2"]
[WhiteElo "1977"]
[BlackElo "1930"]
[PlyCount "78"]
[EventDate "2014.10.15"]
[EventType "tourn"]
[EventRounds "5"]
[EventCountry "CAN"]

1. e4 c5 2. d4 cxd4 3. c3 Nf6 4. e5 Nd5 5. Nf3 Nc6 6. Bc4 Nb6 7. Bb3 d6 8. Bf4
dxe5 9. Nxe5 Nxe5 10. Bxe5 e6 11. Qxd4 Qxd4 12. Bxd4 Bd6 13. O-O O-O 14. Nd2
Bd7 15. Ne4 Bc7 16. Bc5 Rfd8 17. Be7 Re8 18. Bd6 Rac8 19. Rfd1 Bc6 20. Bxc7
Rxc7 21. Nd6 Ra8 22. Rd2 Rd7 23. Rad1 Rad8 24. Nc4 Rxd2 25. Rxd2 Rxd2 26. Nxd2
Kf8 27. Nc4 Nxc4 28. Bxc4 Ke7 29. Kf1 Kd6 30. g3 Kc5 31. Bd3 h6 32. Ke2 Bd5 33.
b4+ Kd6 34. c4 Bc6 35. Ke3 b6 36. Be4 Bxe4 37. Kxe4 f5+ 38. Kd4 e5+ 39. Kd3 g6
1/2-1/2

[Event "Mercredi 2014.10.15 ABCDE"]
[Site "Montreal CAN"]
[Date "2014.11.05"]
[Round "4"]
[White "Nunez, Omar"]
[Black "Forget, Luc"]
[Result "1-0"]
[WhiteElo "1975"]
[BlackElo "1962"]
[PlyCount "67"]
[EventDate "2014.10.15"]
[EventType "tourn"]
[EventRounds "5"]
[EventCountry "CAN"]

1. f4 Nf6 2. Nf3 d5 3. e3 g6 4. b3 Bg7 5. Bb2 O-O 6. g3 c5 7. Bg2 Nc6 8. O-O
Qc7 9. d3 Bg4 10. Nbd2 Rad8 11. Qc1 Qc8 12. Ne5 Bh3 13. Nxc6 bxc6 14. Re1 Bxg2
15. Kxg2 h5 16. Nf3 Ne8 17. Bxg7 Kxg7 18. Qa3 f6 19. e4 Rf7 20. e5 Qb7 21. Qxc5
Qb6 22. Nd4 Rc8 23. b4 Kg8 24. a4 Ng7 25. exf6 exf6 26. a5 Qc7 27. Re2 h4 28.
Rae1 Qd7 29. Re7 Rxe7 30. Rxe7 Qg4 31. Qd6 hxg3 32. hxg3 Qd1 33. Qxf6 Qd2+ 34.
Ne2 1-0

[Event "Mercredi 2014.10.15 ABCDE"]
[Site "Montreal CAN"]
[Date "2014.11.05"]
[Round "4"]
[White "Zumsteg, Nicolas"]
[Black "Gates, Claude-Eric"]
[Result "0-1"]
[WhiteElo "1715"]
[BlackElo "1666"]
[PlyCount "90"]
[EventDate "2014.10.15"]
[EventType "tourn"]
[EventRounds "5"]
[EventCountry "CAN"]

1. d4 Nf6 2. c4 e6 3. Nc3 Bb4 4. Qc2 b6 5. a3 Bxc3+ 6. Qxc3 Ne4 7. Qc2 Bb7 8.
f3 Qh4+ 9. g3 Nxg3 10. Bg5 Qxg5 11. hxg3 Qxg3+ 12. Kd2 Nc6 13. Qd3 O-O-O 14. e4
e5 15. d5 Nd4 16. Kc3 Ba6 17. b4 f5 18. Ne2 fxe4 19. Qxe4 Qxf3+ 20. Qxf3 Nxf3
21. Bg2 Ng5 22. Rh5 h6 23. Rf1 Rhf8 24. Rhh1 d6 25. b5 Bb7 26. Kd3 Kb8 27. Ke3
Bc8 28. Ng3 Bg4 29. Ne4 Nxe4 30. Bxe4 Kc8 31. Bg6 Rf6 32. Rxf6 gxf6 33. Rxh6 f5
34. Bh7 f4+ 35. Kf2 Rf8 36. Rh4 Bf5 37. Bxf5+ Rxf5 38. Rh8+ Kb7 39. Rh3 Rg5 40.
Rf3 Rh5 41. Kg2 Kc8 42. a4 Kb7 43. Ra3 a5 44. Ra1 Kc8 45. Rf1 Rg5+ 0-1

[Event "Mercredi 2014.10.15 ABCDE"]
[Site "Montreal CAN"]
[Date "2014.11.12"]
[Round "5"]
[White "Blanchet, Robert"]
[Black "Fortin-Lavoie, Patrice"]
[Result "1-0"]
[WhiteElo "1755"]
[BlackElo "1816"]
[PlyCount "61"]
[EventDate "2014.10.15"]
[EventType "tourn"]
[EventRounds "5"]
[EventCountry "CAN"]

1. e4 c5 2. Nf3 e6 3. d4 cxd4 4. Nxd4 Nf6 5. Nc3 d6 6. Bb5+ Bd7 7. O-O a6 8.
Bxd7+ Nbxd7 9. Kh1 Nc5 10. Qe2 Qb6 11. f3 Be7 12. Nb3 Nfd7 13. Be3 Qc7 14. Nd4
O-O 15. b4 Nb3 16. Ndb5 axb5 17. Nxb5 Nd4 18. Bxd4 Qc6 19. c4 Rfe8 20. a3 d5
21. cxd5 exd5 22. Rac1 Qa6 23. Rc7 Nb6 24. Bc5 Bd8 25. Rxf7 Kxf7 26. Nd6+ Kf8
27. b5 Qa4 28. Nxe8+ Kxe8 29. exd5+ Kd7 30. Qe6+ Kc7 31. Bd6# 1-0

[Event "Mercredi 2014.10.15 ABCDE"]
[Site "Montreal CAN"]
[Date "2014.11.12"]
[Round "5"]
[White "Cardin, Guillaume"]
[Black "Boudreau, Daniel"]
[Result "1/2-1/2"]
[WhiteElo "2027"]
[BlackElo "2110"]
[PlyCount "60"]
[EventDate "2014.10.15"]
[EventType "tourn"]
[EventRounds "5"]
[EventCountry "CAN"]

1. d4 Nf6 2. c4 e6 3. g3 Bb4+ 4. Bd2 Be7 5. Bg2 d5 6. Nf3 c6 7. Qc2 b6 8. O-O
O-O 9. Bf4 Nbd7 10. Rd1 Bb7 11. Nc3 Rc8 12. e4 dxc4 13. Qa4 Nh5 14. Be3 b5 15.
Nxb5 cxb5 16. Qxb5 Bxe4 17. Qxh5 Nf6 18. Qb5 Nd5 19. Bd2 c3 20. Bxc3 Nxc3 21.
bxc3 Rxc3 22. Ne5 Bxg2 23. Kxg2 Qa8+ 24. Kg1 Rfc8 25. Rab1 R3c7 26. Qb2 f6 27.
Nd3 Bd6 28. Rdc1 Rxc1+ 29. Rxc1 Rxc1+ 30. Qxc1 Qb7 1/2-1/2

[Event "Mercredi 2014.10.15 ABCDE"]
[Site "Montreal CAN"]
[Date "2014.11.12"]
[Round "5"]
[White "Cloutier, Mathieu"]
[Black "Lebeau, Gilbert"]
[Result "0-1"]
[WhiteElo "2039"]
[BlackElo "1980"]
[PlyCount "84"]
[EventDate "2014.10.15"]
[EventType "tourn"]
[EventRounds "5"]
[EventCountry "CAN"]

1. e4 e6 2. d4 d5 3. Nc3 Nf6 4. Bg5 Be7 5. e5 Nfd7 6. h4 Nc6 7. Qg4 f6 8. Nf3
fxg5 9. hxg5 Nf8 10. g6 h6 11. Bd3 Nb4 12. O-O-O Nxd3+ 13. Rxd3 c6 14. Ne2 b6
15. Ng3 Ba6 16. Rc3 Qd7 17. Nh5 Rg8 18. Nh4 O-O-O 19. f4 Kb7 20. Ng3 c5 21.
dxc5 Bxc5 22. Rd1 Qa4 23. Kb1 Qd7 24. a3 Qe8 25. Ne2 Bxe2 26. Qxe2 Nxg6 27.
Nxg6 Qxg6 28. Rxc5 bxc5 29. Qb5+ Kc7 30. Qxc5+ Kd7 31. Rd4 Rc8 32. Qxa7+ Rc7
33. Qa4+ Ke7 34. Qb4+ Kf7 35. f5 exf5 36. g4 Qe6 37. Qa5 Rgc8 38. Rxd5 Rxc2 39.
gxf5 Rc1+ 40. Ka2 Qxf5 41. Qd2 Qe6 42. Qf2+ Kg8 0-1

[Event "Mercredi 2014.10.15 ABCDE"]
[Site "Montreal CAN"]
[Date "2014.11.12"]
[Round "5"]
[White "Destree, Frederic"]
[Black "Morin, Louis"]
[Result "1-0"]
[WhiteElo "1903"]
[BlackElo "1977"]
[PlyCount "119"]
[EventDate "2014.10.15"]
[EventType "tourn"]
[EventRounds "5"]
[EventCountry "CAN"]

1. Nf3 d5 2. g3 Nf6 3. Bg2 c5 4. O-O Nc6 5. d3 e5 6. c4 Be7 7. cxd5 Nxd5 8. Nc3
Be6 9. Ng5 Nxc3 10. Nxe6 Nxd1 11. Nxd8 Rxd8 12. Bxc6+ bxc6 13. Rxd1 e4 14. Be3
exd3 15. Rxd3 Rxd3 16. exd3 Kd7 17. Rc1 Rb8 18. b3 a5 19. Rc4 Rb4 20. Bd2 Rxc4
21. dxc4 a4 22. bxa4 Kc7 23. Bc3 Bf6 24. Ba5+ Kb7 25. Kg2 Ka6 26. Bc7 Bc3 27.
Kf3 Ba5 28. Bd6 Bb4 29. Ke4 Ka5 30. Bc7+ Kxa4 31. Ke5 Be1 32. Kd6 Kb4 33. Kxc6
Kxc4 34. a4 Kd3 35. Kxc5 Bxf2+ 36. Kd6 Ke4 37. Ke7 f5 38. a5 Ba7 39. Kf7 g5 40.
Bb6 Bb8 41. a6 h5 42. Kg6 f4 43. Kxg5 fxg3 44. hxg3 Kf3 45. Bc7 Ba7 46. Kxh5
Ke4 47. g4 Kd5 48. g5 Kc6 49. Be5 Bc5 50. g6 Bf8 51. a7 Kb7 52. Bd4 Ka8 53. Kg4
Kb7 54. Kf5 Ka8 55. Ke6 Kb7 56. Kf7 Bh6 57. Kg8 Ka8 58. Kh7 Bf8 59. Be3 Kb7 60.
Bh6 1-0

[Event "Mercredi 2014.10.15 ABCDE"]
[Site "Montreal CAN"]
[Date "2014.11.12"]
[Round "5"]
[White "Forget, Luc"]
[Black "Gunapalan, David"]
[Result "1-0"]
[WhiteElo "1962"]
[BlackElo "1900"]
[PlyCount "25"]
[EventDate "2014.10.15"]
[EventType "tourn"]
[EventRounds "5"]
[EventCountry "CAN"]

1. d4 d5 2. c4 e6 3. Nc3 c5 4. cxd5 exd5 5. g3 cxd4 6. Qxd4 Nc6 7. Qxd5 Bd7 8.
Bg2 Nf6 9. Qd1 Bc5 10. e3 Qe7 11. Nf3 O-O-O 12. O-O Bh3 13. Bxh3+ 1-0

[Event "Mercredi 2014.10.15 ABCDE"]
[Site "Montreal CAN"]
[Date "2014.11.12"]
[Round "5"]
[White "Gates, Claude-Eric"]
[Black "Cote, Philippe"]
[Result "1-0"]
[WhiteElo "1666"]
[BlackElo "1704"]
[PlyCount "35"]
[EventDate "2014.10.15"]
[EventType "tourn"]
[EventRounds "5"]
[EventCountry "CAN"]

1. d4 d6 2. c4 Nf6 3. Nc3 g6 4. e4 Bg7 5. f3 O-O 6. Be3 c5 7. Nge2 Nc6 8. Qd2
cxd4 9. Nxd4 Nxd4 10. Bxd4 a6 11. Be2 Qc7 12. O-O e5 13. Be3 Be6 14. b3 Rac8
15. Rac1 Rfd8 16. Rfd1 Ne8 17. Na4 Rd7 18. Nb6 1-0

[Event "Mercredi 2014.10.15 ABCDE"]
[Site "Montreal CAN"]
[Date "2014.11.03"]
[Round "5"]
[White "Gauthier, Luc"]
[Black "Millette, Sylvain"]
[Result "0-1"]
[WhiteElo "1757"]
[BlackElo "1755"]
[PlyCount "54"]
[EventDate "2014.10.15"]
[EventType "tourn"]
[EventRounds "5"]
[EventCountry "CAN"]

1. e4 Nf6 2. e5 Nd5 3. c4 Nb6 4. c5 Nd5 5. Nc3 e6 6. Nxd5 exd5 7. d4 d6 8. cxd6
cxd6 9. Nf3 dxe5 10. Nxe5 Bb4+ 11. Bd2 Bxd2+ 12. Qxd2 O-O 13. Bb5 Qb6 14. Bd3
f6 15. Nf3 Re8+ 16. Be2 Nc6 17. O-O Be6 18. Rac1 Re7 19. Rc5 Rae8 20. Bb5 Bf7
21. Bxc6 bxc6 22. Re1 Bh5 23. Rc3 Rxe1+ 24. Nxe1 Re2 25. Qc1 Qxd4 26. Nd3 Bg6
27. Qd1 Bxd3 0-1

[Event "Mercredi 2014.10.15 ABCDE"]
[Site "Montreal CAN"]
[Date "2014.11.12"]
[Round "5"]
[White "Jacquet, Stephane"]
[Black "Lopez Linares, Lizandro"]
[Result "0-1"]
[WhiteElo "2030"]
[BlackElo "2104"]
[PlyCount "50"]
[EventDate "2014.10.15"]
[EventType "tourn"]
[EventRounds "5"]
[EventCountry "CAN"]

1. d4 d5 2. Nc3 Nf6 3. Bg5 e6 4. e4 Be7 5. e5 Nfd7 6. h4 c5 7. Nb5 f6 8. Bf4
fxe5 9. dxe5 O-O 10. g3 Nc6 11. Nf3 c4 12. c3 Qb6 13. Nbd4 Qxb2 14. Rc1 Nxd4
15. Nxd4 Nc5 16. Rc2 Qb6 17. Be2 Bd7 18. Qc1 Rac8 19. Rb2 Qa6 20. Qb1 Qa3 21.
Bd2 Bd8 22. O-O Bb6 23. Nc2 Qa5 24. Nb4 Ne4 25. Be1 Nxg3 0-1

[Event "Mercredi 2014.10.15 ABCDE"]
[Site "Montreal CAN"]
[Date "2014.11.12"]
[Round "5"]
[White "Lalonde, Paul"]
[Black "Heredia, Jose"]
[Result "1/2-1/2"]
[WhiteElo "1819"]
[BlackElo "1897"]
[PlyCount "76"]
[EventDate "2014.10.15"]
[EventType "tourn"]
[EventRounds "5"]
[EventCountry "CAN"]

1. e4 c6 2. d4 d5 3. Nc3 dxe4 4. Nxe4 Nd7 5. Nf3 Ngf6 6. Ng3 e6 7. Bd3 Be7 8.
O-O O-O 9. Re1 c5 10. c3 b6 11. Qe2 Bb7 12. Bd2 Re8 13. Rad1 Qc7 14. Bb1 Rad8
15. dxc5 Bxc5 16. Be3 Bxe3 17. Qxe3 Nd5 18. Qe2 N7f6 19. Qc2 Nf4 20. Ng5 Qc6
21. N5e4 Nxe4 22. Qxe4 Ne2+ 23. Nxe2 Qxe4 24. Bxe4 Bxe4 25. Nd4 Bd5 26. a3 a6
27. f4 Bb7 28. Kf2 g6 29. g3 Rd7 30. Re3 Red8 31. Rde1 Rd5 32. R1e2 a5 33. h3
g5 34. fxg5 Rxg5 35. h4 Rgd5 36. g4 h6 37. Kg3 R8d7 38. Kf4 Kg7 1/2-1/2

[Event "Mercredi 2014.10.15 ABCDE"]
[Site "Montreal CAN"]
[Date "2014.11.12"]
[Round "5"]
[White "Langlois-Remillard, Alexis"]
[Black "Dumouchel, Alain"]
[Result "1-0"]
[WhiteElo "1828"]
[BlackElo "1896"]
[PlyCount "55"]
[EventDate "2014.10.15"]
[EventType "tourn"]
[EventRounds "5"]
[EventCountry "CAN"]

1. g3 g6 2. Bg2 Bg7 3. e4 c5 4. Ne2 Nc6 5. O-O Rb8 6. c3 b5 7. d4 cxd4 8. cxd4
Nh6 9. Bf4 e5 10. dxe5 g5 11. Bd2 Bxe5 12. Qc1 f6 13. Nbc3 O-O 14. f4 b4 15.
Nd5 Ba6 16. fxe5 Bxe2 17. Nxf6+ Rxf6 18. exf6 Bxf1 19. Bxf1 Ne5 20. Bxg5 Nhf7
21. Kg2 d5 22. Qd2 dxe4 23. Re1 Qa5 24. Rxe4 Rd8 25. Qe3 Qxa2 26. Bc4 Qxb2+ 27.
Kh3 h5 28. Rxe5 1-0

[Event "Mercredi 2014.10.15 ABCDE"]
[Site "Montreal CAN"]
[Date "2014.11.12"]
[Round "5"]
[White "Pomerantz, Daniel"]
[Black "Nunez, Omar"]
[Result "1/2-1/2"]
[WhiteElo "1930"]
[BlackElo "1975"]
[PlyCount "110"]
[EventDate "2014.10.15"]
[EventType "tourn"]
[EventRounds "5"]
[EventCountry "CAN"]

1. e4 d5 2. exd5 Qxd5 3. Nc3 Qa5 4. d4 Nf6 5. Nf3 Bg4 6. h3 Bh5 7. g4 Bg6 8.
Ne5 Nbd7 9. Nc4 Qa6 10. Bf4 Qe6+ 11. Ne3 Ne4 12. Bc4 Nxc3 13. Bxe6 Nxd1 14.
Bxd7+ Kxd7 15. Nc4 Nxb2 16. Nxb2 e6 17. O-O-O Bd6 18. Be3 h5 19. Nc4 Be4 20.
Rhg1 hxg4 21. Nxd6 cxd6 22. hxg4 Rac8 23. Rd2 Rc6 24. Kb2 Rb6+ 25. Ka1 Rc6 26.
Kb2 Rhc8 27. Rc1 b5 28. f3 Bd5 29. f4 Rc3 30. Rd3 b4 31. Bd2 Rxd3 32. cxd3 Rxc1
33. Bxc1 Kc6 34. Bd2 Kb5 35. a3 bxa3+ 36. Kxa3 Bf3 37. g5 Be2 38. Bb4 Kc6 39.
Kb3 Bxd3 40. Kc3 Bb5 41. Ba5 Kd5 42. Bc7 Kc6 43. Ba5 Be2 44. Bd8 Kb5 45. Be7 d5
46. Bf8 g6 47. Kb3 Bd1+ 48. Ka3 Kc4 49. Bg7 a5 50. Be5 Kd3 51. Kb2 Ke4 52. Ka3
Kd3 53. Kb2 a4 54. Ka3 Kc4 55. Bf6 Kc3 1/2-1/2

[Event "Mercredi 2014.10.15 ABCDE"]
[Site "Montreal CAN"]
[Date "2014.11.12"]
[Round "5"]
[White "Struben, Jeroen"]
[Black "Brassard, Sylvain"]
[Result "1-0"]
[WhiteElo "1748"]
[BlackElo "1773"]
[PlyCount "28"]
[EventDate "2014.10.15"]
[EventType "tourn"]
[EventRounds "5"]
[EventCountry "CAN"]

1. d4 d5 2. c4 Nc6 3. Nf3 e5 4. dxe5 d4 5. Bf4 Bb4+ 6. Nbd2 Bg4 7. a3 Bxd2+ 8.
Qxd2 Bxf3 9. gxf3 Qe7 10. O-O-O O-O-O 11. Rg1 Nxe5 12. Qa5 Nc6 13. Qf5+ Qe6 14.
Bh3 g6 1-0

[Event "Mercredi 2014.11.19 ABCDEF"]
[Site "Montreal CAN"]
[Date "2014.11.19"]
[Round "1"]
[White "Boudreau, Daniel"]
[Black "Lopez Linares, Lizandro"]
[Result "0-1"]
[WhiteElo "2109"]
[BlackElo "2104"]
[PlyCount "68"]
[EventDate "2014.11.19"]
[EventType "tourn"]
[EventRounds "5"]
[EventCountry "CAN"]

1. e4 e6 2. d4 d5 3. Nd2 Nf6 4. Bd3 c5 5. c3 Nc6 6. Ngf3 cxd4 7. cxd4 dxe4 8.
Nxe4 Be7 9. O-O O-O 10. Nc3 Qa5 11. Re1 Rd8 12. Bc2 Bd7 13. a3 Be8 14. Bg5 Nxd4
15. Bxf6 Bxf6 16. Nxd4 Bxd4 17. Qf3 Bc6 18. Qh3 h6 19. Re2 Bxc3 20. bxc3 Ba4
21. Bd3 Rac8 22. Re3 Kh8 23. Be2 Rc5 24. Qh4 Rdc8 25. c4 b5 26. Qd4 bxc4 27.
Rg3 e5 28. Qg4 g6 29. Qh4 Kg7 30. Rh3 Qd2 31. Re3 Qd4 32. Qxd4 exd4 33. Re4 d3
34. Bf3 Bc6 0-1

[Event "Mercredi 2014.11.19 ABCDEF"]
[Site "Montreal CAN"]
[Date "2014.11.19"]
[Round "1"]
[White "Brassard, Sylvain"]
[Black "Fortin-Lavoie, Patrice"]
[Result "1-0"]
[WhiteElo "1786"]
[BlackElo "1786"]
[PlyCount "153"]
[EventDate "2014.11.19"]
[EventType "tourn"]
[EventRounds "5"]
[EventCountry "CAN"]

1. d4 d5 2. c4 Nc6 3. Nc3 dxc4 4. Nf3 Bg4 5. e3 e5 6. d5 Bxf3 7. gxf3 Nb8 8.
Bxc4 Nd7 9. Qb3 Nc5 10. Qb5+ Qd7 11. Ne4 a6 12. Qxd7+ Nxd7 13. a3 O-O-O 14. b4
Nb6 15. Bb3 Nxd5 16. Ng5 Nh6 17. e4 Nf4 18. Bxf4 exf4 19. Bxf7 Kb8 20. Bb3 Rd3
21. Bd5 Be7 22. h4 Bf6 23. Ke2 Rc3 24. Rhc1 Re8 25. Rxc3 Bxc3 26. Ra2 Bf6 27.
Rd2 Nf5 28. Nxh7 Bxh4 29. Bf7 Re7 30. Bg6 Nd6 31. Rd5 Nc4 32. Rh5 Bf6 33. Nxf6
gxf6 34. a4 Ne5 35. Bf5 Re8 36. Rh6 Rd8 37. Rxf6 Rd4 38. Rf8+ Ka7 39. Re8 Nc6
40. b5 Nb8 41. e5 Rxa4 42. bxa6 Rxa6 43. e6 Ra5 44. e7 Re5+ 45. Kd3 Nc6 46. Rf8
Nxe7 47. Be4 c6 48. Rxf4 Nd5 49. Rf7 Kb6 50. f4 Rh5 51. f5 Rh3+ 52. Kd4 Rh4 53.
Ke5 Nc3 54. f3 Rh5 55. Ke6 Rh6+ 56. f6 Rh4 57. Ke5 Rh5+ 58. Ke6 Rh4 59. Kf5
Nxe4 60. fxe4 c5 61. Rd7 c4 62. f7 Rh1 63. Ke5 Rf1 64. Kd4 Kc6 65. Re7 b5 66.
e5 Rd1+ 67. Kc3 Rd3+ 68. Kc2 Rf3 69. e6 b4 70. Re8 b3+ 71. Kc1 Rf1+ 72. Kb2
Rf2+ 73. Kc3 b2 74. Rb8 b1=Q 75. Rxb1 Kd6 76. Rb6+ Ke7 77. Kxc4 1-0

[Event "Mercredi 2014.11.19 ABCDEF"]
[Site "Montreal CAN"]
[Date "2014.11.19"]
[Round "1"]
[White "Cardin, Guillaume"]
[Black "Pomerantz, Daniel"]
[Result "1-0"]
[WhiteElo "2047"]
[BlackElo "1930"]
[PlyCount "115"]
[EventDate "2014.11.19"]
[EventType "tourn"]
[EventRounds "5"]
[EventCountry "CAN"]

1. d4 Nf6 2. c4 e6 3. g3 c5 4. d5 exd5 5. cxd5 d6 6. Nc3 g6 7. Nf3 Bg7 8. Bg2
O-O 9. O-O Re8 10. Bf4 Nh5 11. Bg5 Qc7 12. Qd2 Bd7 13. a4 Na6 14. Ne1 Nb4 15.
Nc2 h6 16. Be3 Nxc2 17. Qxc2 a6 18. a5 b5 19. axb6 Qxb6 20. Ra2 Nf6 21. Bd2 Ng4
22. e4 Ne5 23. Rfa1 Bg4 24. Bf1 Nf3+ 25. Kg2 Nd4 26. Qd3 a5 27. Be2 Bxe2 28.
Nxe2 Qb3 29. Bc3 Nxe2 30. Ra3 Qb6 31. Qxe2 Bxc3 32. bxc3 Qa6 33. Qxa6 Rxa6 34.
f3 Rb8 35. Rxa5 Rxa5 36. Rxa5 Rb2+ 37. Kh3 Rc2 38. Ra6 Rxc3 39. Kg4 Kf8 40.
Rxd6 Rc2 41. Rc6 Ke7 42. h4 h5+ 43. Kg5 Rg2 44. Kf4 Rc2 45. Rc7+ Ke8 46. d6 Rd2
47. Ke5 Rd3 48. Re7+ Kf8 49. Rc7 Ke8 50. f4 Rxg3 51. Kf6 Rg4 52. Re7+ Kd8 53.
Kxf7 Rxf4+ 54. Kxg6 Rxh4 55. e5 Rf4 56. Ra7 Kc8 57. e6 Re4 58. e7 1-0

[Event "Mercredi 2014.11.19 ABCDEF"]
[Site "Montreal CAN"]
[Date "2014.11.19"]
[Round "1"]
[White "Cloutier, Mathieu"]
[Black "Dumouchel, Alain"]
[Result "1-0"]
[WhiteElo "1992"]
[BlackElo "1945"]
[PlyCount "47"]
[EventDate "2014.11.19"]
[EventType "tourn"]
[EventRounds "5"]
[EventCountry "CAN"]

1. e4 c5 2. Nf3 d6 3. d4 cxd4 4. Nxd4 Nf6 5. Nc3 g6 6. Be3 Bg7 7. f3 O-O 8. Qd2
Nc6 9. Bc4 Bd7 10. O-O-O Rc8 11. Bb3 Ne5 12. h4 h5 13. Bg5 Rc5 14. Kb1 Re8 15.
g4 hxg4 16. h5 e6 17. hxg6 Nxg6 18. Bh6 Bh8 19. f4 Qa5 20. f5 exf5 21. Qg5 d5
22. Nxd5 Nxe4 23. Qxg6+ fxg6 24. Nf6# 1-0

[Event "Mercredi 2014.11.19 ABCDEF"]
[Site "Montreal CAN"]
[Date "2014.11.19"]
[Round "1"]
[White "Destree, Frederic"]
[Black "Beaulieu, Pierre"]
[Result "1/2-1/2"]
[WhiteElo "1898"]
[BlackElo "1894"]
[PlyCount "133"]
[EventDate "2014.11.19"]
[EventType "tourn"]
[EventRounds "5"]
[EventCountry "CAN"]

1. Nf3 Nf6 2. g3 b5 3. Bg2 Bb7 4. O-O e6 5. d3 Bc5 6. e4 d6 7. Nc3 a6 8. Bg5 h6
9. Be3 Nbd7 10. Qd2 Qe7 11. Rad1 Bb4 12. a3 Ba5 13. Rfe1 Ng4 14. d4 Nb6 15. Qd3
Nxe3 16. Qxe3 Nc4 17. Qc1 Nxa3 18. bxa3 Bxc3 19. Re3 Ba5 20. c4 bxc4 21. Qxc4
O-O 22. Rb1 Bb6 23. Re2 a5 24. Qc3 Rab8 25. Nd2 Ba6 26. Ree1 e5 27. dxe5 dxe5
28. Bf1 Bxf1 29. Kxf1 Qc5 30. Qxc5 Bxc5 31. Nc4 f6 32. Nxa5 Bxa3 33. Nc6 Rxb1
34. Rxb1 Kf7 35. Rb3 Ra8 36. Rb7 Bd6 37. Nb4 Bxb4 38. Rxb4 Ke7 39. Ke2 Kd6 40.
Rb5 Ra7 41. Rd5+ Ke6 42. Rd8 c5 43. h4 Ke7 44. Rc8 Kd6 45. Rd8+ Kc6 46. Rc8+
Kb5 47. f4 exf4 48. gxf4 c4 49. h5 Rd7 50. Ke3 Kb4 51. e5 f5 52. e6 Rd6 53. Re8
Kc3 54. e7 Re6+ 55. Kf2 Kc2 56. Rc8 Rxe7 57. Rxc4+ Kd3 58. Ra4 Re2+ 59. Kf3 Rh2
60. Ra7 Rh3+ 61. Kg2 Rxh5 62. Rxg7 Ke3 63. Kg3 Ke2 64. Kg2 Ke3 65. Kg3 Rh1 66.
Re7+ Kd4 67. Rh7 1/2-1/2

[Event "Mercredi 2014.11.19 ABCDEF"]
[Site "Montreal CAN"]
[Date "2014.11.19"]
[Round "1"]
[White "Gates, Claude-Eric"]
[Black "Zroud, Hicham"]
[Result "1-0"]
[WhiteElo "1795"]
[BlackElo "1757"]
[PlyCount "83"]
[EventDate "2014.11.19"]
[EventType "tourn"]
[EventRounds "5"]
[EventCountry "CAN"]

1. d4 Nf6 2. c4 e5 3. dxe5 Ng4 4. Nf3 Bc5 5. e3 Nc6 6. Be2 Ngxe5 7. Nc3 Nxf3+
8. Bxf3 Ne5 9. O-O Nxf3+ 10. Qxf3 O-O 11. b3 Re8 12. Bb2 a5 13. Nd5 Bd6 14.
Nf6+ Kf8 15. Nxh7+ Kg8 16. Nf6+ Kf8 17. Nxe8 Qxe8 18. Qh5 Kg8 19. e4 Ra6 20.
Rad1 Bf4 21. Qf5 g5 22. g3 Rg6 23. Rfe1 d6 24. Qxa5 b6 25. Qd5 Bg4 26. e5 Bxd1
27. Qxd1 Bxe5 28. Qd5 Re6 29. Bxe5 Rxe5 30. Rxe5 dxe5 31. f3 Qe7 32. Kg2 Kg7
33. Kf2 Qf6 34. Ke3 Qf5 35. Qe4 Qf6 36. Qd5 Kg6 37. b4 Qe7 38. c5 Qf6 39. b5
bxc5 40. Qxc5 Qb6 41. Qxb6+ cxb6 42. a4 1-0

[Event "Mercredi 2014.11.19 ABCDEF"]
[Site "Montreal CAN"]
[Date "2014.11.19"]
[Round "1"]
[White "Gauthier, Denis"]
[Black "Salazar, Andres"]
[Result "1-0"]
[WhiteElo "1926"]
[BlackElo "1821"]
[PlyCount "40"]
[EventDate "2014.11.19"]
[EventType "tourn"]
[EventRounds "5"]
[EventCountry "CAN"]

1. d4 d5 2. c4 c6 3. Nf3 Bf5 4. Nc3 e6 5. e3 Bb4 6. Bd2 Nf6 7. Qb3 Bxc3 8. Bxc3
Qc7 9. Be2 a5 10. O-O Nbd7 11. Rac1 Ng4 12. h3 h5 13. cxd5 exd5 14. hxg4 hxg4
15. Ne5 Qd8 16. Bxg4 Bxg4 17. Nxg4 Qh4 18. f3 f5 19. Ne5 O-O-O 20. Be1 Qh2+ 1-0

[Event "Mercredi 2014.11.19 ABCDEF"]
[Site "Montreal CAN"]
[Date "2014.11.19"]
[Round "1"]
[White "Levkovsky, Alexandre"]
[Black "Nunez, Omar"]
[Result "1/2-1/2"]
[WhiteElo "2227"]
[BlackElo "2061"]
[PlyCount "108"]
[EventDate "2014.11.19"]
[EventType "tourn"]
[EventRounds "5"]
[EventCountry "CAN"]

1. e4 d5 2. exd5 Qxd5 3. d4 Nc6 4. Nf3 Bg4 5. Nc3 Qa5 6. Bb5 Nf6 7. Qd3 Bd7 8.
O-O O-O-O 9. a3 e6 10. Be3 Nb8 11. Ne5 c6 12. b4 Qc7 13. Nxf7 cxb5 14. Nxd8 Bd6
15. Nf7 Bxh2+ 16. Kh1 Rf8 17. Ne5 Bxe5 18. dxe5 Qxe5 19. Bd4 Qh5+ 20. Qh3 Qe8
21. Be5 Nc6 22. Nxb5 Ne4 23. Nd6+ Nxd6 24. Bxd6 e5 25. Qc3 Rf6 26. Rad1 Rh6+
27. Kg1 Qh5 28. f3 Qh2+ 29. Kf2 Qh4+ 30. Ke2 Rg6 31. Rf2 a6 32. a4 e4 33. Rd5
exf3+ 34. gxf3 Rxd6 35. Rxd6 Qe7+ 36. Kf1 Qxd6 37. b5 axb5 38. axb5 Bh3+ 39.
Ke1 Qd4 40. Qxd4 Nxd4 41. c4 b6 42. Kd2 Bf5 43. Ke3 Ne6 44. Rd2 Kc7 45. Rd5 g6
46. Rd2 h5 47. Kf2 Nc5 48. Rd4 Nb3 49. Rd1 Na5 50. Rd4 Nb7 51. Kg3 Nc5 52. Kf2
Ne6 53. Rd2 Bb1 54. Kg3 Bf5 1/2-1/2

[Event "Mercredi 2014.11.19 ABCDEF"]
[Site "Montreal CAN"]
[Date "2014.11.19"]
[Round "1"]
[White "Ouellet, Maili-Jade"]
[Black "Morin, Louis"]
[Result "1-0"]
[WhiteElo "1978"]
[BlackElo "1972"]
[PlyCount "47"]
[EventDate "2014.11.19"]
[EventType "tourn"]
[EventRounds "5"]
[EventCountry "CAN"]

1. d4 d5 2. c4 e6 3. Nc3 c5 4. Nf3 Nc6 5. e3 Nf6 6. Be2 Be7 7. O-O O-O 8. a3 b6
9. cxd5 Nxd5 10. e4 Nc7 11. dxc5 Bxc5 12. b4 Bd4 13. Bb2 Qf6 14. Qc2 a6 15. e5
Qe7 16. Bd3 Bb7 17. Bxh7+ Kh8 18. Be4 Bxc3 19. Bxc3 Nb5 20. Bb2 Rac8 21. Qe2
Rfd8 22. Qe3 g6 23. Qh6+ Kg8 24. Ng5 1-0